00780nam a22002177a 4500999001900000005001700019010001300036020002600049035001300075037000900088082001200097100001700109245004800126260003700174270005300211300002600264490004700290500004200337942002600379952015700405 c181935d18193520211011142638.0 aB-741730 a9788190960625c450.00 aB-741730 bGift a571.972 aVerma,D.Anis14aWhat causes "Allergies?" /cby-D.Anis Verma aDelhibKids knowledge bankc2018 a7/20,60 Feet road,Yudhishtra galibDelhie110032 a56p:c24 cm(.HB)bill aKids Knowledge Guide of wellness & disease aWhy we get sick & how we can stay fit 2ddccCHh571.972mVER 001040708NFICaAVbAVd2021-10-11eGift/4.10.2021g450.00l1o571.972 VERpB-741730r2022-05-26 00:00:00s2022-05-13t1v450.00w2021-10-11yCHzGift